000
00334 a2200169 4500
001
192453
020
_a
978-85-7153-218-2
040
_c
Magnum
100
_a
Lago, Angela
240
1
0
_a
A e i o u
_l
por
245
1
0
_a
A e i o u
300
_a
56
362
0
_a
2008
440
1
_a
RHJ
697
_a
LITERATURA INFANTIL
942
_c
BK
999
_c
192453
_d
192453